| 000 | 00894nam a2200289 c 4500 | ||
|---|---|---|---|
| 999 |
_c28863 _d28863 |
||
| 003 | BLK | ||
| 005 | 20211012115203.0 | ||
| 008 | 180407b bul|||||r ||||||| ||bul|| | ||
| 010 | _aKNG00031463000 | ||
| 020 | _a954-733-125-6 | ||
| 040 | _aBLK | ||
| 041 |
_aBUL _cBUL |
||
| 080 |
_aАмериканска литература (на САЩ) _b821.111(73) _x-312.4 _z821.111(73)-312.4 |
||
| 100 | 1 |
_aКланси, Том _eпърви автор _979533 |
|
| 139 |
_aКланси, Том _bК 63 |
||
| 245 | 1 | 0 |
_aМрежата _bРоман _cТом Кланси. |
| 257 | _aBGR | ||
| 260 |
_bПрозорец _c2000 |
||
| 300 |
_a288 с. _c20 см |
||
| 380 | _aX | ||
| 490 | 1 | _aТрилър | |
| 852 | _aЦб 204234 | ||
| 856 | 4 | _qpdf | |
| 856 | 4 | _qpdf | |
| 942 |
_cKNG _n0 _02 |
||
| 944 |
_aCR _c15.01.2003 _kТеодора_Стоянова |
||
| 944 |
_aED _c10.05.2014 |
||
| 999 | _d28863 | ||